Основы управления организациями: учебное пособие

Λεπτομέρειες βιβλιογραφικής εγγραφής
Άλλοι συγγραφείς: Мельников В. П. Владимир Павлович, Маренков Н. Л. Николай Леонидович, Схиртладзе А. Г. Александр Георгиевич, Самарина В. П. Вера Петровна, Борискин В. П. Владимир Петрович
Περίληψη:В учебном пособии рассмотрены основные вопросы, касающиеся управления организацией: место организации в экономике региона, её внутренняя и внешняя среда, особенности планирования, антикризисного управления, управления инновационной и маркетинговой деятельностью. Особое внимание уделено особенностям управления малым и средним бизнесом. Обоснована необходимость государственного регулирования предпринимательской деятельности. Теоретический материал дополнен вопросами по каждому разделу учебного пособия, проверочными тестами и темами рефератов. Пособие подготовлено для студентов и преподавателей высших учебных заведений, управленческого персонала, предпринимателей, а также других читателей, интересующихся вопросами управления организациями.
Γλώσσα:Ρωσικά
Έκδοση: Старый Оскол, ТНТ, 2008
Θέματα:
Μορφή: Βιβλίο
KOHA link:https://koha.lib.tpu.ru/cgi-bin/koha/opac-detail.pl?biblionumber=138179

MARC

LEADER 00000nam0a2200000 4500
001 138179
005 20231101220727.0
010 |a 9785941781768 
035 |a (RuTPU)RU\TPU\book\149730 
090 |a 138179 
100 |a 20080521d2008 m y0rusy50 ca 
101 0 |a rus 
102 |a RU 
105 |a a j 001zy 
200 1 |a Основы управления организациями  |e учебное пособие  |f В. П. Мельников [и др.] 
210 |a Старый Оскол  |c ТНТ  |d 2008 
215 |a 512 с.  |c ил. 
320 |a Библиографический список: с. 502-511. 
330 |a В учебном пособии рассмотрены основные вопросы, касающиеся управления организацией: место организации в экономике региона, её внутренняя и внешняя среда, особенности планирования, антикризисного управления, управления инновационной и маркетинговой деятельностью. Особое внимание уделено особенностям управления малым и средним бизнесом. Обоснована необходимость государственного регулирования предпринимательской деятельности. Теоретический материал дополнен вопросами по каждому разделу учебного пособия, проверочными тестами и темами рефератов. Пособие подготовлено для студентов и преподавателей высших учебных заведений, управленческого персонала, предпринимателей, а также других читателей, интересующихся вопросами управления организациями. 
606 1 |a Предприятия  |x Экономика  |x Управление  |2 stltpush  |3 (RuTPU)RU\TPU\subj\36690  |9 57983 
610 1 |a экономика 
610 1 |a организации 
610 1 |a управление 
610 1 |a организационное управление 
610 1 |a предпринимательская деятельность 
610 1 |a системный подход 
610 1 |a управленческая деятельность 
610 1 |a персонал 
610 1 |a капитал 
610 1 |a производственные процессы 
610 1 |a маркетинговая деятельность 
610 1 |a финансы 
610 1 |a охрана труда 
610 1 |a безопасность 
610 1 |a инновационная деятельность 
610 1 |a кризисное управление 
610 1 |a контроль 
610 1 |a планирование 
610 1 |a конфликты 
610 1 |a системные исследования 
610 1 |a государственное регулирование 
610 1 |a учебные пособия 
686 |a У9(2)29-2я73  |v LBC/SL-A  |2 rubbk 
701 1 |a Мельников  |b В. П.  |g Владимир Павлович 
701 1 |a Маренков  |b Н. Л.  |g Николай Леонидович 
701 1 |a Схиртладзе  |b А. Г.  |g Александр Георгиевич 
701 1 |a Самарина  |b В. П.  |g Вера Петровна 
701 1 |a Борискин  |b В. П.  |g Владимир Петрович 
801 1 |a RU  |b 63413507  |c 20080521  |g PSBO 
801 2 |a RU  |b 63413507  |c 20210922  |g PSBO 
900 |a Организационное поведение и управление человеческими ресурсами 
900 |a Менеджмент организации 
900 |a Менеджмент 
942 |c BK 
951 |b 150900  |b 151000  |b 220300 
959 |a 62/20080521  |d 2  |e 0  |f АНЛ:1  |f ЧЗТЛ:1